Vplyv ratingových agentúr na finančné trhy diplomová práca

Saved in:
Bibliographic Details
Main Author: Veľká, Simona
Corporate Author: Podnikovohospodárska fakulta EU so sídlom v Košiciach. Katedra ekonómie
Other Authors: Verner, Robert, 1986-
Format: Book
Language:Slovak
Published: Košice 2017
Tags: Add Tag
No Tags, Be the first to tag this record!

MARC

LEADER 00000nbm a2200000 4500
001 0231721
005 20240827093159.7
041 0 |a slo 
044 |a SK 
245 1 0 |a Vplyv ratingových agentúr na finančné trhy  |b diplomová práca  |c Simona Veľká ; školiteľ: Robert Verner 
264 1 |a Košice  |c 2017 
300 |a 63 s. 
100 1 |a Veľká, Simona 
700 1 |a Verner, Robert, 1986- 
710 2 |a Podnikovohospodárska fakulta EU so sídlom v Košiciach. Katedra ekonómie